Language Quiz

Random Language or Spanish Quiz

AP Idioms/Cultural Phrases Quiz Stats

 Plays Quiz not verified by Sporcle

Challenge
Share
Tweet
Embed
Score 0/40 Timer 05:00
0 Plays Today
Spanish English % Correct
que suertehow lucky
85%
que fuertehow strong
85%
que tristehow sad
85%
que divertidohow fun
80%
que hermosohow beautiful
80%
que bonitohow beautiful
80%
que guayhow cool
80%
que lastimawhat a shame
80%
buenos diasgood day
80%
tener exitoto be successful
75%
bienvenidoswelcome
75%
tener suerteto be lucky
70%
que monohow cute
70%
que lindohow cute
70%
buen saludgood health
70%
que utilhow useful
70%
tener cuidadoto be careful
70%
que sabrosohow tasty
65%
tener miedo deto be scared of
55%
dar un abrazoto hug
55%
Spanish English % Correct
tomar el peloto pull someone's leg
50%
tener prisato be in a hurry
50%
a lo hecho pechodon't cry over spilled milk
40%
tener verguenzato be ashamed
35%
echar la culpato blame
30%
que barbaridadwow!
25%
darse la manotop shake hands
25%
hace una viajeto take a trip
25%
tener en la punta de la lenguato be on the tip of someone's tongue
10%
ser pan comidoeasy as pie
10%
que se valewhat's it worth
10%
que ondahey, what's up?
10%
dar a to face
10%
querer decirto mean
10%
quedarse de una piezato be dumbfounded
5%
ser de peliculato be sensational
5%
ser una latato be annoying
5%
ay carambawhat the heck
5%
que sorprendehow suprising
5%
ser el ojo derechoto be the apple of someone's eye
0%

You're not logged in!

Compare scores with friends on all Sporcle quizzes.
OR
Log In

You Might Also Like...

Show Comments

Extras

Top Quizzes Today


Score Distribution

Your Account Isn't Verified!

In order to create a playlist on Sporcle, you need to verify the email address you used during registration. Go to your Sporcle Settings to finish the process.

Report this User

Report this user for behavior that violates our Community Guidelines.

Details: